| 000 | 00000nam 2200000za 4500 |
| 001 | 9.812712 |
| 003 | CaOODSP |
| 005 | 20221107141358 |
| 007 | cr ||||||||||| |
| 008 | 160811s2015 onc oz f000 0 eng d |
| 020 | |a978-0-660-02343-4 |
| 040 | |aCaOODSP|beng |
| 041 | |aeng|afre |
| 043 | |an-cn--- |
| 086 | 1 |aFR4-2015/1-PDF|zFR4-2015/1 |
| 245 | 00|aIndex - Canada treaty series (CTS) |h[electronic resource] : |bbilateral treaties - 2015, multilateral treaties - 2015 = Index - recueil des traités du Canada (RTC) : traités bilatéraux - 2015, traités multilatéraux - 2015. |
| 246 | 31|aIndex - recueil des traités du Canada (RTC) : |btraités bilatéraux - 2015, traités multilatéraux - 2015 |
| 246 | 35|aIndex - recueil des traités du Canada (RTC) : |btraités bilatéraux - 2015, traités multilatéraux - 2015 = Index - Canada treaty series (CTS) : bilateral treaties - 2015, multilateral treaties - 2015 |
| 260 | |a[Ottawa] : |bForeign Affairs, Trade and Development Canada, |cc2015. |
| 300 | |a[16] p. (in various pagings) |
| 490 | 1 |aTreaty series = Recueil des traités ; |v2015/1 |
| 546 | |aText in English and French. |
| 692 | 07|2gccst|aInternational agreements |
| 692 | 07|2gccst|aMultilateral agreements |
| 692 | 07|2gccst|aIndexes |
| 710 | 1 |aCanada.|bForeign Affairs, Trade and Development Canada. |
| 792 | |tIndex - recueil des traités du Canada (RTC) |efre|w(CaOODSP)9.812713 |
| 830 | #0|aTreaty series = Recueil des traités ;|v2015/1|w(CaOODSP)9.811730 |
| 856 | 40|qPDF|s378 KB|uhttps://publications.gc.ca/collections/collection_2016/amc-gac/FR4-2015-1.pdf |